02548nam a2200253uu 4500001000800000005001700008007001000025008004100035035001200076040001300088041000800101080000800109100005500117245010000172260004300272300001700315520176500332650004002097650003802137650005102175700004802226502001202274526000802286116463220260507114236.0cr|||||||090828e20090828 spa  a1164632 ccomduadb aspa aEGA10aLondoño Monsalve, Consuelo del Socorro4auteaut10aEstudio para el aprovechamiento sostenible de residuos forestales urbanos del Valle de Aburrá aMedellín :b[sin publicador],c2009. a78 páginas3 aLos municipios del Valle de Aburrá son los generadores de los residuos forestales utilizados para la producción de carbón vegetal en la carbonera del municipio de Bello (Antioquia), por lo tanto, son responsables del manejo y aprovechamiento que de éstos se haga. Estos residuos forestales son sometidos al proceso de carbonización por medio del método tradicional. El carbón obtenido no es de buena calidad, el contenido en carbono fijo es menor del 70% al realizarse la carbonización con una humedad alta de los desechos utilizados, junto con una temperatura de carbonización baja que no puede superar los 3000C, estando además el carbón producido con tierra y otros tipos de impurezas. Además de todo lo anterior se tiene en cuenta el desprendimiento de gases, CO2 y CO principalmente, destilación de aceites esenciales, líquidos acuosos, y materiales volátiles (cenizas), los cuales producen efectos negativos al medio ambiente. En el aprovechamiento de los residuos forestales generados por la poda en el Valle de Aburrá se identificaron cinco grandes grupos de problemáticas: 1. Tecnología discontinua de bajos rendimientos y baja capacidad de producto. 2. Altas emisiones de gases, cenizas y alquitranes. 3. No existe vigilancia y control ambiental del proceso productivo de carbón vegetal. 4. El control del proceso es difícil y no se dispone de medios técnicos y económicos para mejorarlo. 5. El uso del suelo no es el apropiado para ejercer la actividad económica de producción de carbón vegetal; el terreno es de propiedad de las Empresas Públicas de Medellín. Para cada grupo de problemas se propondrán acciones estratégicas que conlleven al aprovechamiento sostenible del residuo forestal. aDisposición de residuos sólidos 7aAprovechamiento de residuos2lemb aValle de Aburrá (Antioquia) - Medio ambiente10aCadavid Restrepo, Carlos Fernando4thseths b190c17 a192